| 000 | 00680nam a2200169Ia 4500 | ||
|---|---|---|---|
| 008 | 090711s9999 xx 000 0 und d | ||
| 082 | _b62099 | ||
| 100 | _aनातु म. गं. / देशपांडे दि. य. (संपा.) | ||
| 245 | _aआगरकर वाड्.मय खडं 3 | ||
| 260 | _c1986 | ||
| 300 | _a459 | ||
| 600 | _aनातु म. गं. / देशपांडे दि. य. (संपा.) | ||
| 630 | _aआगरकर वाड्.मय खडं 3 | ||
| 700 | _aनातु म. गं. / देशपांडे दि. य. (संपा.) | ||
| 730 | _aआगरकर वाड्.मय खडं 3 | ||
| 942 | _cBOOK | ||
| 999 |
_c317091 _d317091 |
||